Efficacy of chloropyriphos as protectant of wood against borer and termite attack (Record no. 58404)
[ view plain ]
| 000 -LEADER | |
|---|---|
| fixed length control field | 00812nam a2200157Ia 4500 |
| 100 ## - MAIN ENTRY--AUTHOR NAME | |
| Personal name | Remadevi O K |
| 245 #0 - TITLE STATEMENT | |
| Title | Efficacy of chloropyriphos as protectant of wood against borer and termite attack |
| 260 ## - PUBLICATION, DISTRIBUTION, ETC. (IMPRINT) | |
| Name of publisher | Wood News |
| Year of publication | 1997 |
| 300 ## - PHYSICAL DESCRIPTION | |
| Number of Pages | 22-25 |
| 520 ## - SUMMARY, ETC. | |
| Summary, etc | Rubberwood [Hevea brasiliensis] stakes were treated with different concentrations of 2 different commercial formulations of chlorpyrifos, by either vacuum impregnation or dipping. Even at low concentrations the formulations were effective at preventing damage by termites (Isoptera) and powder post beetles (bostrychids and lyctids) in test yards in India when compared with untreated controls. |
| 650 ## - SUBJECT ADDED ENTRY--TOPICAL TERM | |
| Topical Term | Rubberwood |
| 650 ## - SUBJECT ADDED ENTRY--TOPICAL TERM | |
| Topical Term | Wood treatment |
| 700 ## - ADDED ENTRY--PERSONAL NAME | |
| Personal name | Raja Muthukrishnan |
| 942 ## - ADDED ENTRY ELEMENTS (KOHA) | |
| Koha item type | Journals |
| Withdrawn status | Lost status | Damaged status | Not for loan | Home library | Current library | Shelving location | Date acquired | Serial Enumeration / chronology | Koha item type |
|---|---|---|---|---|---|---|---|---|---|
| Journals | RRII Library | RRII Library | Rubber general | 17/12/2021 | Volume 7, Issue 1 | Journals |